000 00667nam a2200229Ia 4500
003 OSt
005 20221007081834.0
006 a|||||r|||| 00| 0
007 ta
008 221006b |||||||| |||| 00| 0 eng d
024 _a24,338
037 _cTextual
040 _aFLL
_cFLL
_beng
041 _2eng
_aeng
082 _aZ2:5y7, H3
100 _aKirpal Amar Nath
_9688094
245 0 _aSelection of the criminal rulings of the high court of judicature at Lahore
260 _aPunjab
_bSuperintendent, Govt. printing India
_c1943
300 _axii,1-65
_ccm.
942 _hZ2:5y7, H3
_cTEXL
_2CC
999 _c1164445
_d1164445